[Event "EU-ch Rapid"]
[Site "Zagreb"]
[Date "2023.12.14"]
[Round "2"]
[White "Radojicic, Aleksandar M"]
[Black "Navara, David"]
[Result "0-1"]
[WhiteElo "2088"]
[BlackElo "2679"]
[PlyCount "78"]
[EventDate "2023.12.14"]
[EventType "swiss (rapid)"]
[EventRounds "11"]
[EventCountry "CRO"]
[SourceTitle "CB51_2023"]
[SourceDate "2023.12.20"]
[SourceVersion "1"]
[SourceVersionDate "2023.12.20"]
[SourceQuality "1"]

1. d4 Nf6 2. Nc3 d5 3. Bf4 c5 4. e3 cxd4 5. exd4 Bg4 6. Be2 Bxe2 7. Qxe2 a6 8. Nf3 Nc6 9. 0-0-0 e6 10. Ne5 Rc8 11. Nxc6 Rxc6 12. g4 Rxc3 13. bxc3 Qa5 14. f3 Qxc3 15. Kb1 Ba3 16. Bc1 Qb4+ 17. Ka1 Bxc1 18. Rxc1 Qxd4+ 19. c3 Qf4 20. h4 b5 21. Rcd1 0-0 22. Rd4 Qc7 23. Kb2 Rc8 24. Rc1 Nd7 25. f4 Nc5 26. f5 Na4+ 27. Kb3 Qg3 28. Qd2 Qxh4 29. fxe6 fxe6 30. Qe3 Nc5+ 31. Kb2 Ne4 32. Rxe4 dxe4 33. Qxe4 Qf6 34. g5 Qf5 35. Qb7 Re8 36. Qc6 Rf8 37. Qxa6 Qd5 38. Rc2 Ra8 39. c4 Qd4+ 0-1

[Event "Belgrade Serbia op"]
[Site "Belgrade"]
[Date "2023.07.24"]
[Round "9"]
[White "Radojicic, Aleksandar M"]
[Black "Lyutsinger, Iren"]
[Result "0-1"]
[WhiteElo "2203"]
[BlackElo "1807"]
[PlyCount "109"]
[EventDate "2023.07.16"]
[EventType "swiss"]
[EventRounds "9"]
[EventCountry "SRB"]
[SourceTitle "EXT 2024"]
[Source "ChessBase"]
[SourceDate "2023.10.10"]
[SourceVersion "1"]
[SourceVersionDate "2023.10.10"]
[SourceQuality "1"]

1. d4 Nf6 2. g3 g6 3. Bg2 Bg7 4. e4 d6 5. Ne2 0-0 6. Nbc3 c5 7. dxc5 dxc5 8. Qxd8 Rxd8 9. e5 Nfd7 10. f4 Nc6 11. Be3 Bh6 12. Kf2 Nb4 13. Rac1 Na6 14. Rhd1 Rb8 15. Rd2 Re8 16. Ne4 b6 17. Rcd1 Nf8 18. N2c3 Nc7 19. Nd5 Nxd5 20. Rxd5 Bb7 21. R5d2 Bg7 22. Ng5 Bxg2 23. Kxg2 h6 24. Nf3 Rbc8 25. Kf2 Rc7 26. Ke2 Rec8 27. c3 Ne6 28. Rd5 Bf8 29. g4 Ng7 30. c4 f5 31. h3 Kf7 32. g5 h5 33. b3 Ne6 34. R5d3 Ng7 35. Nd2 e6 36. Nb1 Be7 37. Nc3 a6 38. a4 Ne8 39. R3d2 Rb7 40. Rd3 Rcc7 41. R1d2 Ng7 42. Kd1 Ke8 43. Kc2 Rd7 44. Rxd7 Rxd7 45. Rxd7 Kxd7 46. Ne2 a5 47. Ng1 Ke8 48. Nf3 Kf7 49. Ne1 Ne8 50. Nd3 Nc7 51. b4 axb4 52. a5 bxa5 53. Kb3 Ne8 54. Bxc5 Bd8 55. Ka4 0-1

[Event "Belgrade Serbia op"]
[Site "Belgrade"]
[Date "2023.07.18"]
[Round "3"]
[White "Radojicic, Aleksandar M"]
[Black "Srdanovic, Jovana"]
[Result "0-1"]
[WhiteElo "2203"]
[BlackElo "2032"]
[PlyCount "58"]
[EventDate "2023.07.16"]
[EventType "swiss"]
[EventRounds "9"]
[EventCountry "SRB"]
[SourceTitle "CBM 215 Extra"]
[Source "ChessBase"]
[SourceDate "2023.09.30"]
[SourceVersion "1"]
[SourceVersionDate "2023.09.30"]
[SourceQuality "1"]

1. Nf3 d5 2. c4 c6 3. e3 Nf6 4. Qc2 e6 5. b3 Nbd7 6. Bb2 Bd6 7. Nc3 0-0 8. d4 Qe7 9. Be2 b6 10. 0-0 Bb7 11. Rad1 Rac8 12. Rfe1 c5 13. cxd5 exd5 14. Qb1 Rfe8 15. Qa1 a6 16. h3 Bb8 17. Bf1 Qe6 18. Ne2 Qf5 19. Nd2 Qg6 20. Qb1 Ne4 21. dxc5 Ndxc5 22. Nf3 Rcd8 23. Bd4 Bc8 24. g3 Qh5 25. Bg2 Bxh3 26. Nh2 Bxg2 27. Kxg2 Nxf2 28. Nf3 Nce4 29. Rc1 Qh3+ 0-1

[Event "Gligoric Cup 9th"]
[Site "Paracin"]
[Date "2023.05.18"]
[Round "3.5"]
[White "Radojicic, Aleksandar M"]
[Black "Milosevic, Milos"]
[Result "0-1"]
[WhiteElo "2226"]
[BlackElo "2420"]
[PlyCount "126"]
[EventDate "2023.05.16"]
[EventType "team-swiss"]
[EventRounds "5"]
[EventCountry "SRB"]
[SourceTitle "CBM 214 Extra"]
[Source "ChessBase"]
[SourceDate "2023.07.31"]
[SourceVersion "1"]
[SourceVersionDate "2023.07.31"]
[SourceQuality "1"]
[WhiteTeam "Paracin"]
[BlackTeam "Vreoci Turbina"]
[WhiteTeamCountry "SRB"]
[BlackTeamCountry "SRB"]

1. d4 Nf6 2. Nc3 e6 3. Bf4 Bb4 4. Qd3 b6 5. Qf3 Nc6 6. 0-0-0 Bxc3 7. Qxc3 Nd5 8. Qd2 Nxf4 9. Qxf4 0-0 10. Nf3 d5 11. h4 a5 12. h5 h6 13. e3 a4 14. g4 a3 15. b3 f6 16. e4 Nb4 17. Qd2 dxe4 18. Qxb4 exf3 19. Qc3 Bb7 20. Bc4 Qd7 21. Rhe1 Rfe8 22. Re3 b5 23. Bd3 Bd5 24. Be4 Ra6 25. Bxf3 Rc6 26. Qb4 Bxf3 27. Rxf3 Qd5 28. Re3 Ra8 29. Kb1 Qg5 30. d5 Rd8 31. Qxb5 Rcd6 32. Qe2 Rxd5 33. Re1 Rd2 34. Rd3 Rxe2 35. Rxd8+ Kh7 36. Rxe2 Qxg4 37. Re1 Qxh5 38. Ra8 Qc5 39. Re3 h5 40. Kc1 h4 41. b4 Qxb4 42. Raxa3 Qf4 43. Rab3 h3 44. Kd1 h2 45. Rh3+ Kg8 46. Rb8+ Kf7 47. Rbh8 Qxf2 48. Kc1 e5 49. Rxh2 Qf1+ 50. Kb2 e4 51. R8h3 Qb5+ 52. Kc1 f5 53. Rg3 f4 54. Rg4 g5 55. Rh5 Kg6 56. Rhxg5+ Qxg5 57. Rxg5+ Kxg5 58. a4 f3 59. Kd2 Kf4 60. a5 e3+ 61. Ke1 Kg3 62. a6 Kg2 63. a7 f2+ 0-1

[Event "SRB-chT 1st League CS"]
[Site "Banja Vrujci"]
[Date "2022.10.03"]
[Round "3.4"]
[White "Radojicic, Aleksandar M"]
[Black "Radosavljevic, Slobodan D"]
[Result "1-0"]
[WhiteElo "2192"]
[BlackElo "2069"]
[PlyCount "67"]
[EventDate "2022.10.01"]
[EventType "team-tourn"]
[EventRounds "11"]
[EventCountry "SRB"]
[SourceTitle "CBM 210 Extra"]
[Source "ChessBase"]
[SourceDate "2022.11.30"]
[SourceVersion "1"]
[SourceVersionDate "2022.11.30"]
[SourceQuality "1"]
[WhiteTeam "Paracin OSK"]
[BlackTeam "Jagodina Kablovi"]
[WhiteTeamCountry "SRB"]
[BlackTeamCountry "SRB"]

1. d4 Nf6 2. Nc3 g6 3. e4 d6 4. g3 Bg7 5. Bg2 0-0 6. Nge2 e5 7. h3 Nc6 8. Be3 exd4 9. Nxd4 Bd7 10. 0-0 Re8 11. Re1 a6 12. a4 Qc8 13. Kh2 Re5 14. g4 Re8 15. Nxc6 bxc6 16. Qd2 Qb7 17. b3 Qb4 18. Nb1 Rab8 19. Qxb4 Rxb4 20. Bd2 Rbb8 21. Nc3 h5 22. g5 Nh7 23. f4 Nf8 24. Rad1 Ne6 25. Ne2 c5 26. a5 Bb5 27. Rc1 Bc6 28. Kg3 Re7 29. Kf2 Nd4 30. h4 Nxe2 31. Rxe2 Rbe8 32. Rce1 Bd4+ 33. Kg3 Bb5 34. c4 1-0

[Event "SRB-chT Premier"]
[Site "Vrnjacka Banja"]
[Date "2022.09.26"]
[Round "7.3"]
[White "Djukic, Nikola"]
[Black "Radojicic, Aleksandar M"]
[Result "1-0"]
[WhiteElo "2536"]
[BlackElo "2192"]
[PlyCount "143"]
[EventDate "2022.09.20"]
[EventType "team-tourn"]
[EventRounds "11"]
[EventCountry "SRB"]
[SourceTitle "CBM 210 Extra"]
[Source "ChessBase"]
[SourceDate "2022.11.30"]
[SourceVersion "1"]
[SourceVersionDate "2022.11.30"]
[SourceQuality "1"]
[WhiteTeam "Pozega"]
[BlackTeam "Grocka Vinogradi"]
[WhiteTeamCountry "SRB"]
[BlackTeamCountry "SRB"]

1. e4 c5 2. Nf3 e6 3. d4 cxd4 4. Nxd4 a6 5. Bd3 Bc5 6. Nb3 Ba7 7. Qe2 d6 8. Be3 Nc6 9. 0-0 Nf6 10. c4 0-0 11. Nc3 d5 12. Bxa7 dxe4 13. Nxe4 Rxa7 14. Rad1 Nxe4 15. Bxe4 Qc7 16. Rd2 Ne5 17. Rc1 f5 18. Bf3 Nxf3+ 19. Qxf3 b6 20. c5 bxc5 21. Nxc5 Bb7 22. Qd1 Qc6 23. f3 Bc8 24. Nd7 Bxd7 25. Rxc6 Bxc6 26. Rd8 Bd5 27. Rxf8+ Kxf8 28. Qc2 Kf7 29. b4 Rb7 30. a3 h6 31. Qc5 Rd7 32. Qc8 Rb7 33. Kf2 a5 34. b5 a4 35. b6 Ke7 36. Qc5+ Kf7 37. Ke3 g5 38. g3 Kg6 39. f4 Kf7 40. Qb5 Kg7 41. Kd4 Rb8 42. Qd7+ Kg6 43. Qc7 Rb7 44. Qd8 gxf4 45. gxf4 Kh5 46. h3 Rg7 47. Qe8+ Kh4 48. Qh8 Rg2 49. Qxh6+ Kg3 50. Kc5 Rc2+ 51. Kb5 Rb2+ 52. Ka5 Rb3 53. h4 Rxa3 54. h5 Rb3 55. Qg7+ Kxf4 56. h6 a3 57. h7 Rh3 58. h8Q Rxh8 59. Qxh8 a2 60. Kb4 Ke3 61. Qc3+ Ke4 62. Qe1+ Kd3 63. Qd1+ Ke3 64. Kc3 f4 65. Qe1+ Kf3 66. Kb2 Kg2 67. Qb4 f3 68. b7 f2 69. Qg4+ Kh1 70. Qh3+ Kg1 71. b8Q Bg2 72. Qbh2+ 1-0

[Event "SRB-chT Premier"]
[Site "Vrnjacka Banja"]
[Date "2022.09.22"]
[Round "3.5"]
[White "Arsovic, Zoran"]
[Black "Radojicic, Aleksandar M"]
[Result "1-0"]
[WhiteElo "2362"]
[BlackElo "2192"]
[PlyCount "97"]
[EventDate "2022.09.20"]
[EventType "team-tourn"]
[EventRounds "11"]
[EventCountry "SRB"]
[SourceTitle "CBM 210 Extra"]
[Source "ChessBase"]
[SourceDate "2022.11.30"]
[SourceVersion "1"]
[SourceVersionDate "2022.11.30"]
[SourceQuality "1"]
[WhiteTeam "Vladimirci"]
[BlackTeam "Grocka Vinogradi"]
[WhiteTeamCountry "SRB"]
[BlackTeamCountry "SRB"]

1. d4 Nf6 2. Nf3 c5 3. d5 b5 4. Bg5 g6 5. Bxf6 exf6 6. e4 b4 7. Nbd2 Bg7 8. Nc4 d6 9. Bd3 0-0 10. 0-0 Qc7 11. Nfd2 Bb7 12. Qf3 Nd7 13. Qg3 Ne5 14. f4 Nxd3 15. Qxd3 f5 16. exf5 gxf5 17. Qxf5 Bc8 18. Qd3 f5 19. Rae1 Bd7 20. Nf3 h6 21. Re2 Rae8 22. Rfe1 Rxe2 23. Rxe2 Bf6 24. g4 Bb5 25. gxf5 Kh8 26. b3 Rg8+ 27. Rg2 Rxg2+ 28. Kxg2 Qg7+ 29. Kf1 Be7 30. Qe4 Bd7 31. Ne3 Qf6 32. Kf2 Kg7 33. Ng4 Qf7 34. Ne3 Bf6 35. Kg3 Qh5 36. h4 Bc8 37. Ng5 hxg5 38. hxg5 Bd8 39. Ng4 Kf8 40. Nf2 Qf7 41. f6 Bb7 42. Qe6 Bxd5 43. Qxd6+ Ke8 44. Nd3 Qe6 45. Qxc5 Qe4 46. Qb5+ Kf7 47. Qd7+ Kg6 48. Ne5+ Kh5 49. Qh3# 1-0

[Event "Paracin op-A 15th"]
[Site "Paracin"]
[Date "2022.07.12"]
[Round "5"]
[White "Radojicic, Aleksandar M"]
[Black "Shahil, Dey"]
[Result "1-0"]
[WhiteElo "2188"]
[BlackElo "2402"]
[PlyCount "93"]
[EventDate "2022.07.08"]
[EventType "swiss"]
[EventRounds "9"]
[EventCountry "SRB"]
[SourceTitle "CBM 209 Extra"]
[Source "ChessBase"]
[SourceDate "2022.09.30"]
[SourceVersion "1"]
[SourceVersionDate "2022.09.30"]
[SourceQuality "1"]

1. d4 Nf6 2. Nc3 d5 3. Bf4 c5 4. e3 cxd4 5. exd4 a6 6. Nf3 Nc6 7. Ne5 Qb6 8. Nxc6 bxc6 9. Na4 Qa5+ 10. c3 g6 11. h3 Bg7 12. b4 Qd8 13. Bd3 0-0 14. 0-0 a5 15. a3 Nd7 16. Re1 Re8 17. Nc5 Nxc5 18. bxc5 f6 19. Qa4 Bd7 20. Bg3 e5 21. Rab1 e4 22. Bf1 Bh6 23. c4 Bd2 24. cxd5 Bxe1 25. dxc6 Bxf2+ 26. Bxf2 Bf5 27. Bg3 e3 28. Re1 Re4 29. Bd6 Qe8 30. Bd3 e2 31. Bxe4 Qxe4 32. Qc4+ Be6 33. Qxe2 Qxd4+ 34. Kh2 Bf5 35. c7 Kg7 36. Qf3 Rg8 37. Re7+ Kh6 38. Qb3 Rf8 39. Qg3 g5 40. Qe1 Qa4 41. Re4 Qc6 42. Bxf8+ Kg6 43. Bd6 Bxe4 44. Qxe4+ Qxe4 45. c8Q Qd5 46. Qe8+ Kf5 47. g4# 1-0

[Event "Novi Sad Serbia op-A"]
[Site "Novi Sad"]
[Date "2022.06.30"]
[Round "3"]
[White "Sahithi Varshini, M."]
[Black "Radojicic, Aleksandar M"]
[Result "1-0"]
[WhiteElo "2312"]
[BlackElo "2188"]
[PlyCount "83"]
[EventDate "2022.06.28"]
[EventType "swiss"]
[EventRounds "9"]
[EventCountry "SRB"]
[SourceTitle "EXT 2023"]
[Source "ChessBase"]
[SourceDate "2022.10.05"]
[SourceVersion "1"]
[SourceVersionDate "2022.10.05"]
[SourceQuality "1"]

1. e4 c5 2. Nf3 e6 3. g3 Nc6 4. Bg2 e5 5. 0-0 g6 6. c3 Bg7 7. Na3 Nge7 8. Nc2 0-0 9. d4 cxd4 10. cxd4 d6 11. d5 Nb8 12. Be3 h6 13. Qd2 Kh7 14. h4 f5 15. Nh2 Nd7 16. h5 gxh5 17. f4 exf4 18. Bxf4 Ng6 19. Be3 Nde5 20. Qe2 h4 21. gxh4 Qxh4 22. Bf2 Qg5 23. Ne1 Nf4 24. Qc2 Nxg2 25. Nxg2 f4 26. Kh1 Qh5 27. Bd4 f3 28. Ne1 Bh3 29. Rg1 Ng4 30. e5+ Kh8 31. Nexf3 dxe5 32. Bc3 e4 33. Bxg7+ Kxg7 34. Qxe4 Rae8 35. Qd4+ Kh7 36. Rg3 Rf5 37. Rc1 Re7 38. d6 Ref7 39. d7 Rd5 40. d8Q Rxd8 41. Qxd8 Rxf3 42. Nxf3 1-0

[Event "Belgrade Trophy 35th"]
[Site "Belgrade"]
[Date "2021.11.27"]
[Round "4"]
[White "Radojicic, Aleksandar M"]
[Black "Popchev, Milko"]
[Result "1/2-1/2"]
[WhiteElo "2016"]
[BlackElo "2235"]
[PlyCount "137"]
[EventDate "2021.11.24"]
[EventType "swiss"]
[EventRounds "9"]
[EventCountry "SRB"]
[SourceTitle "CBM 205 Extra"]
[Source "ChessBase"]
[SourceDate "2022.01.31"]
[SourceVersion "1"]
[SourceVersionDate "2022.01.31"]
[SourceQuality "1"]

1. d4 d6 2. g3 Nd7 3. Nf3 e5 4. c4 Ngf6 5. Nc3 Be7 6. Bg2 0-0 7. 0-0 Re8 8. h3 Bf8 9. e4 a6 10. Re1 c6 11. d5 c5 12. Be3 b5 13. Nd2 b4 14. Ne2 Rb8 15. g4 g6 16. Ng3 Nb6 17. a4 bxa3 18. Rxa3 Nfd7 19. Qc2 Be7 20. Nf3 a5 21. b3 Nf8 22. Bd2 Bd7 23. Rxa5 Qc8 24. Kh2 Rb7 25. Rea1 Qc7 26. Bf1 Reb8 27. R5a3 Qc8 28. Ra7 Na8 29. Rxb7 Qxb7 30. Ra3 Nc7 31. Qa2 Ne8 32. Be2 Ng7 33. g5 f6 34. gxf6 Bxf6 35. Qc2 Bc8 36. Qc3 h5 37. h4 Nh7 38. Qc1 Qd7 39. Ng5 Qe7 40. Kg2 Bxg5 41. Bxg5 Nxg5 42. Qxg5 Qxg5 43. hxg5 Kf8 44. Nf1 Bd7 45. Kg3 Ke7 46. Ne3 h4+ 47. Kxh4 Rh8+ 48. Kg3 Rh3+ 49. Kg2 Nh5 50. Bg4 Nf4+ 51. Kg1 Bxg4 52. Nxg4 Ne2+ 53. Kf1 Nf4 54. Ke1 Rd3 55. Ra7+ Kd8 56. Nf6 Rxb3 57. Rd7+ Kc8 58. Rxd6 Rb2 59. Rc6+ Kd8 60. Ng4 Re2+ 61. Kf1 Rxe4 62. Ne3 Rd4 63. Rxc5 Rd2 64. Rc6 Ra2 65. Kg1 Nh3+ 66. Kf1 Rxf2+ 67. Ke1 Rf3 68. Nf1 Nf4 69. Rf6 1/2-1/2

[Event "Belgrade Trophy 35th"]
[Site "Belgrade"]
[Date "2021.11.25"]
[Round "2"]
[White "Radojicic, Aleksandar M"]
[Black "Djokic, Mihailo"]
[Result "0-1"]
[WhiteElo "2016"]
[BlackElo "2274"]
[PlyCount "70"]
[EventDate "2021.11.24"]
[EventType "swiss"]
[EventRounds "9"]
[EventCountry "SRB"]
[SourceTitle "CBM 205 Extra"]
[Source "ChessBase"]
[SourceDate "2022.01.31"]
[SourceVersion "1"]
[SourceVersionDate "2022.01.31"]
[SourceQuality "1"]

1. d4 Nf6 2. g3 d5 3. Bg2 Nbd7 4. Nf3 c5 5. c3 e6 6. Nbd2 Bd6 7. 0-0 0-0 8. b3 Qc7 9. c4 b6 10. Bb2 Bb7 11. Rc1 Rad8 12. cxd5 exd5 13. dxc5 bxc5 14. b4 c4 15. a3 Rfe8 16. Nd4 Qb6 17. e4 Nxe4 18. Bxe4 Rxe4 19. Nxe4 dxe4 20. Rxc4 Ne5 21. Rc2 Be7 22. Rd2 Nc4 23. Bc3 Nxd2 24. Qxd2 Bf6 25. Rd1 h6 26. h4 Qa6 27. Qb2 Qc4 28. b5 e3 29. fxe3 Qd5 30. Qh2 Qe4 31. Kf2 Bxd4 32. Rxd4 Rxd4 33. Bxd4 Qc2+ 34. Kg1 Qd1+ 35. Kf2 Qd2+ 0-1

[Event "Belgrade-chT Quality"]
[Site "Belgrade"]
[Date "2021.11.13"]
[Round "9.1"]
[White "Marinkovic, Slavisa"]
[Black "Radojicic, Aleksandar M"]
[Result "1/2-1/2"]
[WhiteElo "2381"]
[BlackElo "2036"]
[PlyCount "23"]
[EventDate "2021.10.16"]
[EventType "team-tourn"]
[EventRounds "11"]
[EventCountry "SRB"]
[SourceTitle "EXT 2023"]
[Source "ChessBase"]
[SourceDate "2022.10.05"]
[SourceVersion "1"]
[SourceVersionDate "2022.10.05"]
[SourceQuality "1"]
[WhiteTeam "Belgrade Vodovod"]
[BlackTeam "Belgrade Zemun"]
[WhiteTeamCountry "SRB"]
[BlackTeamCountry "SRB"]

1. e4 c5 2. Nf3 e6 3. c3 d5 4. exd5 exd5 5. d4 Nc6 6. Be2 Bd6 7. dxc5 Bxc5 8. Nbd2 Nge7 9. Nb3 Bb6 10. 0-0 0-0 11. Nbd4 Nf5 12. Bg5 1/2-1/2

[Event "EU-ch Hybrid U16"]
[Site "Tornelo INT"]
[Date "2021.10.15"]
[Round "2"]
[White "Gagic, Milan A"]
[Black "Radojicic, Aleksandar M"]
[Result "1-0"]
[WhiteElo "2225"]
[BlackElo "2036"]
[PlyCount "71"]
[EventDate "2021.10.15"]
[EventType "swiss"]
[EventRounds "9"]
[EventCountry "NET"]
[SourceTitle "EXT 2023"]
[Source "ChessBase"]
[SourceDate "2022.10.05"]
[SourceVersion "1"]
[SourceVersionDate "2022.10.05"]
[SourceQuality "1"]
[WhiteTeam "Serbia"]
[BlackTeam "Serbia"]
[WhiteTeamCountry "SRB"]
[BlackTeamCountry "SRB"]

1. e4 c5 2. Nf3 a6 3. c3 e6 4. d4 d5 5. exd5 exd5 6. Bd3 c4 7. Bc2 Bd6 8. 0-0 Nc6 9. Re1+ Nge7 10. Nbd2 0-0 11. Nf1 Bf5 12. Bg5 Qd7 13. Bxe7 Nxe7 14. Ne5 Bxc2 15. Nxd7 Bxd1 16. Raxd1 Rfe8 17. Nb6 Rad8 18. Ne3 Kf8 19. g3 Bc7 20. Na4 Bd6 21. Kf1 b5 22. Nc5 Bxc5 23. dxc5 f6 24. Re2 Rd7 25. b4 Red8 26. Nc2 Kf7 27. Nd4 Rc8 28. Re6 a5 29. Rd6 Rxd6 30. cxd6 Nc6 31. d7 Rd8 32. Nxc6 Rxd7 33. bxa5 Ke6 34. a6 Rc7 35. a7 Rc8 36. Nb8 1-0